Vitamin D3 : (Record no. 31193)

MARC details
000 -LEADER
fixed length control field 04807cam a2200433 i 4500
001 - CONTROL NUMBER
control field ocn1328007925
003 - CONTROL NUMBER IDENTIFIER
control field EG-ScBUE
005 - DATE AND TIME OF LATEST TRANSACTION
control field 20260505085238.0
008 - FIXED-LENGTH DATA ELEMENTS--GENERAL INFORMATION
fixed length control field 230323r20252021enka f bc 001 0 eng d
020 ## - INTERNATIONAL STANDARD BOOK NUMBER
International Standard Book Number 9781838665715
035 ## - SYSTEM CONTROL NUMBER
System control number (OCoLC)ocn1328007925
040 ## - CATALOGING SOURCE
Original cataloging agency UKMGB
Language of cataloging eng
Description conventions rda
Transcribing agency DLC
Modifying agency UKMGB
-- BDX
-- OCLCF
-- YDX
-- OG$
-- AVA
-- EZB
-- OCLCO
-- AMH
-- OCLCO
-- IG#
-- CNGUL
-- OCLCO
-- OCLCL
-- UKCCH
-- EG-ScBUE
082 04 - DEWEY DECIMAL CLASSIFICATION NUMBER
Classification number 741.9243
Edition number 22
Item number VIT
245 00 - TITLE STATEMENT
Title Vitamin D3 :
Remainder of title today's best in contemporary drawing /
Statement of responsibility, etc project editor, Louisa Elderton ; commissioning editor, Rebecca Morrill ; [introduction by Anna Lovatt].
250 ## - EDITION STATEMENT
Edition statement Reprint edition.
264 #1 - PUBLICATION, DISTRIBUTION, ETC. (IMPRINT)
Place of publication, distribution, etc London :
Name of publisher, distributor, etc Phaidon Press Limited,
Date of publication, distribution, etc 2025.
300 ## - PHYSICAL DESCRIPTION
Extent 303 pages :
Other physical details illustrations (some color) ;
Dimensions 29 cm
336 ## - CONTENT TYPE
Content type term text
Content type code txt
Source rdacontent
336 ## - CONTENT TYPE
Content type term still image
Content type code sti
Source rdacontent
337 ## - MEDIA TYPE
Media type term unmediated
Media type code n
Source rdamedia
338 ## - CARRIER TYPE
Carrier type term volume
Carrier type code nc
Source rdacarrier
500 ## - GENERAL NOTE
General note Includes index.
500 ## - GENERAL NOTE
General note Originally published: 2021.
504 ## - BIBLIOGRAPHY, ETC. NOTE
Bibliography, etc Includes bibliographical references and index.
505 0# - FORMATTED CONTENTS NOTE
Formatted contents note Introduction / Anna Lovatt -- Jumana Emil Abboud -- Vernon Ah Kee -- Deniz Aktaş -- Mounira Al Solh -- ruby onyinyechi amanze -- Catherine Anyango Grünewald -- Kate Atkin -- Tauba Auerbach -- Vanessa Baird -- Nadiah Bamadhaj -- Thiago Barbalho -- Edouard Baribeaud -- Phoebe Boswell -- Conrad Botes -- Teresa Burga -- Adriana Bustos -- Miriam Cahn -- Nidhal Chamekh -- Milano Chow -- Susan Collis -- Robert Crumb -- Darren Cullen -- Kenturah Davis -- Miriam de Búrca -- Ibrahim El-Salahi -- İnci Eviner -- Edie Fake -- Hondartza Fraga -- Tom Friedman -- Chitra Ganesh -- Nikolaus Gansterer -- Claire Gavronsky -- Mauro Giaconi -- Rachel Goodyear -- Monika Grzymala -- Enver Hadzijaj -- Sheroanawe Hakihiiwe -- Masanori Handa -- Naotaka Hiro -- Ahmet Doğu İpek -- Marie Jacotey -- Claudette Johnson -- Rashid Johnson -- Jasmine Nilani Joseph -- Anton Kannemeyer -- Nick Kennedy -- Christine Sun Kim -- Minjung Kim -- Tania Kovats -- Maija Kurševa -- Glenda León -- Zilla Leutenegger -- Tony Lewis -- Atef Maatallah -- Jessie Makinson -- Nick Mauss -- Emma McNally -- Jade Montserrat -- Alice Morey -- Pierre Mukeba -- Oscar Muñoz -- Ebecho Muslimova -- Iván Navarro -- Tom Nicholson -- Otobong Nkanga -- Gareth Nyandoro -- Toyin Ojih Odutola -- Bernardo Ortiz -- Sanou Oumar -- Ceren Oykut -- Prabhakar Pachpute -- Hardeep Pandhal -- Payer Gabriel -- Gustavo Pérez Monzón -- Mick Peter -- Deanna Petherbridge -- Qiu Anxiong -- Qiu Zhijie -- Christina Quarles -- Hannah Quinlan & Rosie Hastings -- Nathaniel Mary Quinn -- Camilo Restrepo -- Abel Rodríguez -- Gamaliel Rodríguez -- Rebecca Salter -- Massinissa Selmani -- Wael Shawky -- Nilima Sheikh -- Sancintya Mohini Simpson -- Victoria Sin -- Eduardo Stupía -- Angela Su -- José Antonio Suárez Londoño -- Pamela Phatsimo Sunstrum -- Bhagyashree Suthar -- Emma Talbot -- Kyle Thurman -- Viktor Timofeev -- Barthélémy Toguo -- Achraf Touloub -- Nicola Tyson -- Johanna Unzueta -- Hannelore Van Dijck -- José Vera Matos -- Diane Victor -- Hajra Waheed -- Barbara Walker -- Evelyn Taocheng Wang -- Charmaine Watkiss -- Martin Wilner -- John Wood and Paul Harrison -- Yuichi Yokoyama -- Honza Zamojski -- Zarina -- Sergio Zevallos.
520 ## - SUMMARY, ETC.
Summary, etc "Over the past 50 years, drawing has been elevated from a supporting role to a primary medium, ranking alongside painting as a central art form. Since the publication of Vitamin D (2005) and D2 (2013), contemporary artists have continued to explore drawing's possibilities - from intimate to large-scale works, in a diversity of mark-making processes and materials. Vitamin D3 showcases more than 100 such artists, nominated by more than 70 international art experts. The more than 70 nominators include: Iwona Blazwick, Louisa Buck, Mark Coetzee, Thelma Golden, Laura Hoptman, Geeta Kapur, Pablo Leon de la Barra, Christine Macel, Kate Macfarlane, Hans Ulrich Obrist, and Zoe Whitley. The more than 100 artists include: Miriam Cahn, Robert Crumb, Tom Friedman, Tania Kovats, Claudette Johnson, Rashid Johnson, Otobong Nkanga, Toyin Ojih Odutola, Deanna Petherbridge, Christina Quarles, Qiu Zhijie, Nathaniel Mary Quinn, Wael Shawky, Emma Talbot, and Johanna Unzueta"--Publisher's description
650 #7 - SUBJECT ADDED ENTRY--TOPICAL TERM
Topical term or geographic name as entry element Drawing
Chronological subdivision 21st century.
Source of heading or term BUEsh
650 #7 - SUBJECT ADDED ENTRY--TOPICAL TERM
Topical term or geographic name as entry element Drawing
Chronological subdivision 20th century.
Source of heading or term BUEsh
650 #7 - SUBJECT ADDED ENTRY--TOPICAL TERM
Topical term or geographic name as entry element Drawing
Chronological subdivision 21st century
Form subdivision Catalogs.
Source of heading or term BUEsh
650 #7 - SUBJECT ADDED ENTRY--TOPICAL TERM
Topical term or geographic name as entry element Drawing
Chronological subdivision 20th century
Form subdivision Catalogs.
Source of heading or term BUEsh
650 #7 - SUBJECT ADDED ENTRY--TOPICAL TERM
Topical term or geographic name as entry element Artists
Chronological subdivision 21st century
Form subdivision Biography.
Source of heading or term BUEsh
650 #7 - SUBJECT ADDED ENTRY--TOPICAL TERM
Topical term or geographic name as entry element Artists
Chronological subdivision 20th century
Form subdivision Biography.
Source of heading or term BUEsh
650 #7 - SUBJECT ADDED ENTRY--TOPICAL TERM
Topical term or geographic name as entry element Artists
Form subdivision Biography.
Source of heading or term BUEsh
653 ## - INDEX TERM--UNCONTROLLED
Arrived date list May2026
Resource For college Arts and Design
655 ## - INDEX TERM--GENRE/FORM
Form subdivision Reading book
700 1# - ADDED ENTRY--PERSONAL NAME
Personal name Elderton, Louisa,
Relator term editor.
700 1# - ADDED ENTRY--PERSONAL NAME
Personal name Morrill, Rebecca,
Relator term editor.
942 ## - ADDED ENTRY ELEMENTS (KOHA)
Source of classification or shelving scheme Dewey Decimal Classification
Koha item type Book - Borrowing
Holdings
Withdrawn status Lost status Source of classification or shelving scheme Damaged status Not for loan Collection code Home library Current library Shelving location Date acquired Source of acquisition Cost, normal purchase price Serial Enumeration / chronology Total Checkouts Full call number Barcode Date last seen Cost, replacement price Price effective from Koha item type
    Dewey Decimal Classification     Baccah Central Library Central Library Second Floor 05/05/2026 Purchase 3018.00 40254   741.9243 VIT 000057625 05/05/2026 3772.50 05/05/2026 Book - Borrowing